<?xml version="1.0" encoding="UTF-8"?>
<record
    xmlns:xsi="http://www.w3.org/2001/XMLSchema-instance"
    xsi:schemaLocation="http://www.loc.gov/MARC21/slim http://www.loc.gov/standards/marcxml/schema/MARC21slim.xsd"
    xmlns="http://www.loc.gov/MARC21/slim">

  <leader>00739nam a22002057a 4500</leader>
  <controlfield tag="003">OSt</controlfield>
  <controlfield tag="005">20150408114112.0</controlfield>
  <controlfield tag="008">130129s2007    jo ||||f b    00| 0 ara d</controlfield>
  <datafield tag="040" ind1=" " ind2=" ">
    <subfield code="a">MU</subfield>
    <subfield code="b">ara</subfield>
  </datafield>
  <datafield tag="082" ind1="0" ind2="4">
    <subfield code="2">21</subfield>
    <subfield code="a">740.71</subfield>
    <subfield code="b">&#x639; &#x645; &#x637;</subfield>
  </datafield>
  <datafield tag="100" ind1="1" ind2=" ">
    <subfield code="a">&#x627;&#x644;&#x639;&#x62A;&#x648;&#x645;&#x60C; &#x645;&#x646;&#x630;&#x631; &#x633;&#x627;&#x645;&#x62D;</subfield>
    <subfield code="9">20100</subfield>
  </datafield>
  <datafield tag="245" ind1="1" ind2="0">
    <subfield code="a">&#x637;&#x631;&#x642; &#x62A;&#x62F;&#x631;&#x64A;&#x633; &#x627;&#x644;&#x62A;&#x631;&#x628;&#x64A;&#x629; &#x627;&#x644;&#x641;&#x646;&#x64A;&#x629; &#x648;&#x645;&#x646;&#x627;&#x647;&#x62C;&#x647;&#x627; /</subfield>
    <subfield code="c">&#x62A;&#x623;&#x644;&#x64A;&#x641; &#x645;&#x646;&#x630;&#x631; &#x633;&#x627;&#x645;&#x62D; &#x627;&#x644;&#x639;&#x62A;&#x648;&#x645;.</subfield>
  </datafield>
  <datafield tag="250" ind1=" " ind2=" ">
    <subfield code="a">&#x637;. 1.</subfield>
  </datafield>
  <datafield tag="260" ind1=" " ind2=" ">
    <subfield code="a">&#x639;&#x645;&#x627;&#x646;&#x60C; &#x627;&#x644;&#x623;&#x631;&#x62F;&#x646; :</subfield>
    <subfield code="b">&#x62F;&#x627;&#x631; &#x627;&#x644;&#x645;&#x646;&#x627;&#x647;&#x62C;&#x60C;</subfield>
    <subfield code="c">2007.</subfield>
  </datafield>
  <datafield tag="300" ind1=" " ind2=" ">
    <subfield code="a">281 &#x635;. :</subfield>
    <subfield code="b">&#x62C;&#x62F;&#x627;&#x648;&#x644; &#x61B;</subfield>
    <subfield code="c">24 &#x633;&#x645;.</subfield>
  </datafield>
  <datafield tag="504" ind1=" " ind2=" ">
    <subfield code="a">&#x628;&#x628;&#x644;&#x64A;&#x648;&#x62C;&#x631;&#x627;&#x641;&#x64A;&#x629; : &#x635;. 277-281.</subfield>
  </datafield>
  <datafield tag="650" ind1=" " ind2="4">
    <subfield code="a">&#x627;&#x644;&#x62A;&#x631;&#x628;&#x64A;&#x629; &#x627;&#x644;&#x641;&#x646;&#x64A;&#x629;</subfield>
    <subfield code="x">&#x62F;&#x631;&#x627;&#x633;&#x629; &#x648;&#x62A;&#x639;&#x644;&#x64A;&#x645;.</subfield>
    <subfield code="9">20101</subfield>
  </datafield>
  <datafield tag="650" ind1=" " ind2="4">
    <subfield code="a">&#x637;&#x631;&#x642; &#x627;&#x644;&#x62A;&#x62F;&#x631;&#x64A;&#x633;.</subfield>
  </datafield>
  <datafield tag="942" ind1=" " ind2=" ">
    <subfield code="2">ddc</subfield>
    <subfield code="c">DVD</subfield>
  </datafield>
  <datafield tag="999" ind1=" " ind2=" ">
    <subfield code="c">27212</subfield>
    <subfield code="d">261712</subfield>
  </datafield>
  <datafield tag="952" ind1=" " ind2=" ">
    <subfield code="1">0</subfield>
    <subfield code="2">2013-03-10</subfield>
    <subfield code="4">0</subfield>
    <subfield code="7">0</subfield>
    <subfield code="a">740.71 &#x639; &#x645; &#x637;</subfield>
    <subfield code="c">&#x646; 1</subfield>
    <subfield code="d">2013-01-29</subfield>
    <subfield code="h">CL</subfield>
    <subfield code="i">00107514</subfield>
    <subfield code="m">CL</subfield>
    <subfield code="r">2013-03-10 00:00:00</subfield>
    <subfield code="t">BOOK</subfield>
    <subfield code="w">ddc</subfield>
    <subfield code="y">0</subfield>
  </datafield>
  <datafield tag="952" ind1=" " ind2=" ">
    <subfield code="1">0</subfield>
    <subfield code="2">2013-03-10</subfield>
    <subfield code="4">0</subfield>
    <subfield code="7">0</subfield>
    <subfield code="a">740.71 &#x639; &#x645; &#x637;</subfield>
    <subfield code="c">&#x646; 2</subfield>
    <subfield code="d">2013-01-29</subfield>
    <subfield code="h">CL</subfield>
    <subfield code="i">00107513</subfield>
    <subfield code="m">CL</subfield>
    <subfield code="r">2013-03-10 00:00:00</subfield>
    <subfield code="t">BOOK</subfield>
    <subfield code="w">ddc</subfield>
    <subfield code="y">0</subfield>
  </datafield>
  <datafield tag="952" ind1=" " ind2=" ">
    <subfield code="1">0</subfield>
    <subfield code="2">2013-03-10</subfield>
    <subfield code="4">0</subfield>
    <subfield code="7">0</subfield>
    <subfield code="a">740.71 &#x639; &#x645; &#x637;</subfield>
    <subfield code="c">&#x646; 3</subfield>
    <subfield code="d">2013-01-29</subfield>
    <subfield code="h">CL</subfield>
    <subfield code="i">00107512</subfield>
    <subfield code="m">CL</subfield>
    <subfield code="r">2013-03-10 00:00:00</subfield>
    <subfield code="t">BOOK</subfield>
    <subfield code="w">ddc</subfield>
    <subfield code="y">0</subfield>
  </datafield>
  <datafield tag="952" ind1=" " ind2=" ">
    <subfield code="1">0</subfield>
    <subfield code="2">2013-03-10</subfield>
    <subfield code="4">0</subfield>
    <subfield code="7">0</subfield>
    <subfield code="a">740.71 &#x639; &#x645; &#x637;</subfield>
    <subfield code="c">&#x646; 1</subfield>
    <subfield code="d">2013-01-29</subfield>
    <subfield code="h">SZM</subfield>
    <subfield code="i">00107511</subfield>
    <subfield code="m">SZM</subfield>
    <subfield code="r">2013-03-10 00:00:00</subfield>
    <subfield code="t">BOOK</subfield>
    <subfield code="w">ddc</subfield>
    <subfield code="y">0</subfield>
  </datafield>
  <datafield tag="952" ind1=" " ind2=" ">
    <subfield code="1">0</subfield>
    <subfield code="2">2013-03-10</subfield>
    <subfield code="4">0</subfield>
    <subfield code="7">0</subfield>
    <subfield code="a">740.71 &#x639; &#x645; &#x637;</subfield>
    <subfield code="c">&#x646; 2</subfield>
    <subfield code="d">2013-01-29</subfield>
    <subfield code="h">SZM</subfield>
    <subfield code="i">00107510</subfield>
    <subfield code="m">SZM</subfield>
    <subfield code="r">2013-03-10 00:00:00</subfield>
    <subfield code="t">BOOK</subfield>
    <subfield code="w">ddc</subfield>
    <subfield code="y">0</subfield>
  </datafield>
  <datafield tag="952" ind1=" " ind2=" ">
    <subfield code="1">0</subfield>
    <subfield code="2">2013-03-10</subfield>
    <subfield code="4">0</subfield>
    <subfield code="7">0</subfield>
    <subfield code="a">740.71 &#x639; &#x645; &#x637;</subfield>
    <subfield code="c">&#x646; 1</subfield>
    <subfield code="d">2013-01-29</subfield>
    <subfield code="h">SRF</subfield>
    <subfield code="i">00107509</subfield>
    <subfield code="m">SRF</subfield>
    <subfield code="r">2013-03-10 00:00:00</subfield>
    <subfield code="t">BOOK</subfield>
    <subfield code="w">ddc</subfield>
    <subfield code="y">0</subfield>
  </datafield>
  <datafield tag="952" ind1=" " ind2=" ">
    <subfield code="1">0</subfield>
    <subfield code="2">2013-03-10</subfield>
    <subfield code="4">0</subfield>
    <subfield code="7">0</subfield>
    <subfield code="a">740.71 &#x639; &#x645; &#x637;</subfield>
    <subfield code="c">&#x646; 2</subfield>
    <subfield code="d">2013-01-29</subfield>
    <subfield code="h">SRF</subfield>
    <subfield code="i">00107508</subfield>
    <subfield code="m">SRF</subfield>
    <subfield code="r">2013-03-10 00:00:00</subfield>
    <subfield code="t">BOOK</subfield>
    <subfield code="w">ddc</subfield>
    <subfield code="y">0</subfield>
  </datafield>
  <datafield tag="952" ind1=" " ind2=" ">
    <subfield code="1">0</subfield>
    <subfield code="2">2013-03-10</subfield>
    <subfield code="4">0</subfield>
    <subfield code="7">0</subfield>
    <subfield code="a">740.71 &#x639; &#x645; &#x637;</subfield>
    <subfield code="c">&#x646; 1</subfield>
    <subfield code="d">2013-01-29</subfield>
    <subfield code="h">SRM</subfield>
    <subfield code="i">00107507</subfield>
    <subfield code="m">SRM</subfield>
    <subfield code="r">2013-03-10 00:00:00</subfield>
    <subfield code="t">BOOK</subfield>
    <subfield code="w">ddc</subfield>
    <subfield code="y">0</subfield>
  </datafield>
  <datafield tag="952" ind1=" " ind2=" ">
    <subfield code="1">0</subfield>
    <subfield code="2">2013-03-10</subfield>
    <subfield code="4">0</subfield>
    <subfield code="7">0</subfield>
    <subfield code="a">740.71 &#x639; &#x645; &#x637;</subfield>
    <subfield code="c">&#x646; 2</subfield>
    <subfield code="d">2013-01-29</subfield>
    <subfield code="h">SRM</subfield>
    <subfield code="i">00107506</subfield>
    <subfield code="m">SRM</subfield>
    <subfield code="r">2013-03-10 00:00:00</subfield>
    <subfield code="t">BOOK</subfield>
    <subfield code="w">ddc</subfield>
    <subfield code="y">0</subfield>
  </datafield>
</record>
